书目信息 |
| 题名: |
基于MATLAB的系统分析与设计:神经网络
|
|
| 作者: | 楼顺天 施阳 编著 | |
| 分册: | ||
| 出版信息: | 西安 西北电子科技大学出版社 1998.09 |
|
| 页数: | 205页 | |
| 开本: | 16开 | |
| 丛书名: | ||
| 单 册: | ||
| 中图分类: | TP389.1 | |
| 科图分类: | ||
| 主题词: | 电子计算机--各种 | |
| 电子资源: | ||
| ISBN: | 7-5606-0646-6 | |
| 000 | 00638nam0 2200193 45 | |
| 001 | 0003230990 | |
| 005 | 20000323101800.6 | |
| 010 | @a7-5606-0646-6@d17.50元 | |
| 100 | @a20000323d1998 km y0chiy0120 ea | |
| 101 | @achi | |
| 105 | @a z 000yy | |
| 200 | 1 | @a基于MATLAB的系统分析与设计:神经网络@AJi Yu MATLAB De Xi Tong Fen Xi Yu She Ji:Shen Jing Wang Luo@f楼顺 天 施阳编著@FLou Shun Tian Shi Yang Bian Zhu |
| 210 | @a西安@c西北电子科技大学出版社@d1998.09 | |
| 215 | @a205页@d16开 | |
| 606 | 0 | @a电子计算机@x各种 |
| 690 | @aTP389.1@v3 | |
| 701 | @a楼顺天 施阳@4编著 | |
| 801 | @aCN@bPftUser@c20000323 | |
| 905 | @f1@b51397@dTP389.1@eL847 | |
| 基于MATLAB的系统分析与设计:神经网络/楼顺 天 施阳编著.-西安:西北电子科技大学出版社,1998.09 |
| 205页;16开 |
| ISBN 7-5606-0646-6:17.50元 |
| ● |
| 相关链接 |
|
|
|
正题名:基于MATLAB的系统分析与设计:神经网络
索取号:TP389.1/L847
 
预约/预借
| 序号 | 登录号 | 条形码 | 馆藏地/架位号 | 状态 | 备注 |
| 1 | 51397 | 200513970 | 期刊室512/301自科库 90排1列1层/ [索取号:TP389.1/L847] | 在馆 |